000 00408nam a2200181Ia 4500
001 24055
005 20260414151018.0
008 260414t2002||||xx |||||||||||||| ||spa||
041 _aESP
082 _a759.4
_bM22
100 _aTriadó Tur, Juan-Ramón
_eAUT
245 0 _aManet
_b
260 _c2002
300 _a96 páginas :
_c33 cm.
650 _aABD
654 _aCAU
942 _cLIB
_dJUS
_fJUS
_2ddc
_n
999 _c24055
_d24055